00341nam a2200133Ia 4500008004100000082001900041100001600060245003600076250000600112260000900118300000800127630003600135730003600171100122s9999 xx 000 0 und d b75622aB823.08 aBLYTON ENID aTHE MYSTERY OF THE HIDDEN HOUSE a1 c2003 a249 aTHE MYSTERY OF THE HIDDEN HOUSE aTHE MYSTERY OF THE HIDDEN HOUSE